Most Famous Person by Age - Statistics

General Stats
  • This quiz has been taken 58 times
  • The average score is 17 of 91
Answer Stats
Age Answer % Correct
64 Ice-T
84%
75 Donald Trump
80%
16 Barron Trump
75%
60 Barack Obama
63%
50 Elon Musk
61%
79 Joe Biden
59%
95 Queen Elizabeth II
52%
49 Dwayne Johnson
46%
53 Will Smith
46%
69 Vladimir Putin
45%
87 Maggie Smith
43%
5 Scarlett Gray Smith
43%
34 Lionel Messi
41%
37 Christiano Ronaldo
38%
44 Kanye West
38%
32 Taylor Swift
36%
41 Kim Kardashian
34%
47 Leonardo DiCaprio
34%
73 Samuel L. Jackson
34%
58 Jeff Bezos
32%
40 Beyonce Knowles
30%
66 Bill Gates
29%
24 Kylie Jenner
29%
8 North West
29%
28 Ariana Grande
25%
59 Michael Jordan
25%
46 Angelina Jolie
23%
22 James Charles
23%
63 Madonna
23%
33 Adele
21%
31 Ed Sheeran
21%
90 John Williams
21%
89 Quincy Jones
21%
10 Blue Ivy Carter
20%
35 Drake
20%
52 Jennifer Lopez
16%
91 Warren Buffett
16%
81 Pele
14%
25 Zendaya
14%
57 Robert Downey Jr.
13%
65 Tom Hanks
13%
74 Arnold Schwarzenegger
11%
67 Denzel Washington
11%
68 Jackie Chan
11%
51 Matt Damon
11%
85 Pope Francis
11%
30 Travis Scott
11%
20 Billie Eilish
9%
29 Cardi B
9%
17 Charli D'Amelio
9%
38 Chris Hemsworth
9%
18 JoJo Siwa
9%
80 Martha Stewart
9%
19 Olivia Rodrigo
9%
7 Royalty Brown
9%
13 Sky Brown
9%
36 Bruno Mars
7%
26 Dove Cameron
7%
11 Maya Le Clark
7%
84 Morgan Freeman
7%
39 Nicki Minaj
7%
45 Ryan Reynolds
7%
23 Shawn Mendes
7%
48 Christian Bale
5%
61 Eddie Murphy
5%
77 George Lucas
4%
55 Gordon Ramsay
4%
15 Jacob Tremblay
4%
43 John Legend
4%
54 Vin Diesel
4%
42 Jason Momoa
2%
56 J. K. Rowling
2%
94 Pope Benedict XVI
2%
62 Simon Cowell
2%
71 Stevie Wonder
2%
14 Aubrey Anderson-Emmons
0%
70 Ben Carson
0%
72 Billy Joel
0%
92 Buzz Aldrin
0%
83 Christopher Lloyd
0%
78 Diana Ross
0%
76 Dolly Parton
0%
9 Everleigh Rose Smith-Soutas
0%
86 Julia Andrews
0%
12 Julia Butters
0%
21 Lil Pump
0%
27 Megan Thee Stallian
0%
93 Noam Chomsky
0%
6 Princess Charlotte
0%
82 Tina Turner
0%
88 Willie Nelson
0%
No matching quizzes found
Score Distribution
Percent of People with Each Score
Percentile by Number Answered
Your Score History
You have not taken this quiz